000 00611nam a2200193 i 4500
001 53126
003 ES-MaACL
005 20250725080620.0
007 t|
008 950908s1843 be |||| | fre d
100 1 _aDucpetiaux, Edouard.
_945849
245 1 0 _aDe la condition physique et morale des jeunes ouvriers et des moyens de l'améliorer /
_cpar Ed. Ducpetiaux.
260 _aBruxelles :
_bMeline, Cans et Compagnie,
_c1843.
300 _a2 v. ;
_c24 cm.
650 0 4 _aTrabajadores.
_917577
650 0 7 _aHigiene industrial
_2embne
_913353
852 _aES-MaACL
_jG-10447-48
999 _c53126
_d53126